[Event "Charity Cup MCCT Prel 2022"]
[Site "Online"]
[Date "2022.03.16"]
[Round "10.2"]
[White "Duda, Jan-Krzysztof"]
[Black "Ju, Wenjun"]
[Result "0-1"]
[WhiteElo "2760"]
[BlackElo "2560"]
[Annotator "TA"]
[PlyCount "112"]
[EventDate "2022.03.18"]
[EventType "tourn"]
[EventCountry "NET"]
[SourceTitle "playchess.com"]
[Source "ChessBase"]
[SourceQuality "1"]

{[%evp 9,111,7,12,13,16,-1,0,-14,-10,-20,-13,-22,-3,0,-8,-36,-18,-31,-16,-19,-8,-20,0,0,0,3,6,0,10,0,0,-18,22,4,13,0,8,-13,0,-27,0,0,0,0,16,0,72,77,64,64,103,101,106,79,89,35,62,29,50,39,60,64,121,0,0,0,0,0,4,-26,105,54,262,174,240,0,0,-340,-340,-279,-291,-274,-263,-387,-418,-1009,-981,-836,-826,-789,-754,-974,-961,-12835,-12834,-29985,-12841,-29989,-29990,-29992,-29993,-29995,-29996,-29999]} 1. Nf3 d5 2. d4 Nf6 3. Bf4 c5 4. e3 e6 5. Nbd2 Qb6 6. Rb1 {D02: 1 d4 d5 2 Nf3 sidelines, including 2...Nf6 3 g3 and 2...Nf6 3 Bf4.} Bd6 {The modern move.} 7. Bg3 O-O 8. c3 {The position is equal.} Nbd7 9. Ne5 {[%cal Oe5c4]} Qc7 {[%cal Rd7e5]} 10. f4 {[#]} c4 $146 ({Predecessor:} 10... Ne8 11. Bd3 f5 12. Bh4 Nef6 13. Ndf3 Ne4 14. Rg1 cxd4 15. exd4 Nxe5 16. Nxe5 Bxe5 17. fxe5 {0-1 (39) Vujnovic,P (2136)-Podlesnik,B (2343) Petrovac 2021}) 11. a4 a6 12. Ra1 b6 13. Be2 Bb7 14. O-O b5 15. Bh4 Ne8 16. Qc2 f6 17. Bg4 f5 18. Be2 Nef6 19. Nxd7 Qxd7 20. Bxf6 Rxf6 21. Nf3 Rff8 22. g4 b4 23. a5 Bc6 24. Bd1 bxc3 25. bxc3 Rab8 26. gxf5 exf5 27. Qg2 Rbe8 (27... g6 $11) 28. Ne5 $16 Bxe5 29. fxe5 Re6 30. Kh1 Rg6 31. Qf3 Qd8 32. Ra2 (32. Qf2 $16) 32... Kh8 $1 $14 33. Qf4 Bd7 $1 34. Bf3 Be6 35. Rb1 Rh6 ({Black should try} 35... Rg4 $14 36. Bxg4 fxg4) 36. Rab2 (36. Rb6 $16) 36... g5 37. Qg3 f4 $36 {[%mdl 2048] Black is more active.} 38. exf4 gxf4 39. Qf2 Rg6 (39... Bf5 $11 40. Ra1 Rh3) 40. Rb6 $16 Qc8 (40... Bf5 $14) 41. Qh4 Rfg8 (41... Bg4 $142 42. Bxd5 Qf5) 42. Bh5 $2 ({Better is} 42. Qxf4 $18 {Re1 is the strong threat.} Rf8 43. Qe3) 42... R6g7 $11 {[#] Hoping for ...Bf5.} 43. Qf6 {[%mdl 8192]} ({Of course not} 43. Qxf4 Rf8 44. Rxe6 Rxf4 $17) (43. Bf3 $11 {and White is okay.} Bf5 44. Bxd5) 43... Bf5 $19 {( -> ...Be4+)} 44. Bf3 {[%cal Ob6b8] Threatens to win with Rb8!} (44. Rf1 {gets mated.} Be4+ 45. Bf3 Qg4 46. Bxe4 dxe4 47. Rb2 e3 48. e6 f3 49. Qe5 e2) 44... Bxb1 45. Rxb1 Rf8 46. Qh4 (46. Qd6 {was the only chance.} Qf5 47. Re1) 46... Qf5 47. Re1 (47. Rf1 $142 Rb7 48. Qg4 Qxg4 49. Bxg4) 47... Qd3 {[%cal Rd3f3]} 48. Qf2 Qxc3 49. e6 Qb4 50. Bxd5 c3 {[%cal Oc3c2] aiming for ...c2!} 51. Be4 f3 52. Bc2 Qd6 (52... Rg2 $142 53. Qh4 Rxc2 54. Qg3 Qxd4 55. e7 Re8 56. Qxf3 Qd6 57. Qg3 Qd5+ 58. Kg1 Rg8 59. e8=Q Rg2+ 60. Kf1 R2xg3 61. Qe5+ Qxe5 62. Rxe5 {[#]} c2 $1 63. Rc5 Rg2 64. h4 Rh2 65. h5 Rb8 66. Kg1 Rd2 67. Rf5 Rg8+ 68. Kh1 c1=Q+ 69. Rf1 Qxf1#) 53. Re5 Rfg8 {Black mates.} 54. Re1 Qf4 55. Re4 Qd2 56. Qxf3 Rg1# {Weighted Error Value: White=0.66/Black=0.31} 0-1

[Event "Charity Cup MCCT Prel 2022"]
[Site "Online"]
[Date "2022.03.15"]
[Round "10.3"]
[White "Harikrishna, Pentala"]
[Black "Le, Quang Liem"]
[Result "1/2-1/2"]
[WhiteElo "2719"]
[BlackElo "2709"]
[Annotator "TA"]
[PlyCount "141"]
[EventDate "2022.03.18"]
[EventType "tourn"]
[EventCountry "NET"]
[SourceTitle "playchess.com"]
[Source "ChessBase"]
[SourceQuality "1"]

{[%evp 12,141,7,7,16,24,18,27,19,8,24,31,26,20,30,17,14,12,9,13,16,26,26,20,26,9,50,50,45,0,48,48,96,62,62,45,45,45,79,86,145,145,145,145,145,145,145,145,145,145,145,145,145,145,145,145,145,145,145,145,145,145,145,145,145,145,145,145,145,145,145,145,145,145,145,145,145,145,145,145,145,145,145,145,145,145,145,145,145,145,145,145,145,145,145,145,145,145,145,145,145,145,145,145,145,123,123,123,123,123,123,123,123,123,123,123,123,123,123,123,131,131,131,129,131,0,131,0,131,131,151,0]} 1. c4 Nf6 2. Nc3 e6 3. e4 d5 4. e5 d4 5. exf6 dxc3 6. bxc3 Qxf6 7. Nf3 Nc6 {A18: English Opening: Flohr-Mikenas System (1 c4 Nf6 2 Nc3 e6 3 e4).} 8. Bd3 Ne5 9. Be4 Nxf3+ {White has an edge. was the old line (9...Bd6).} 10. Bxf3 Qe5+ 11. Qe2 Qxe2+ 12. Kxe2 Rb8 13. a4 {[#]} a5 $146 ({Predecessor:} 13... Bd6 14. d4 b6 15. a5 Ke7 16. axb6 axb6 17. Ra7 Kf6 18. Be3 e5 19. Bc6 Be6 {1-0 (37) Karjakin,S (2760)-Ni,H (2671) Riadh 2017}) 14. d3 b6 15. Bc6+ Bd7 16. Bxd7+ Kxd7 17. Rb1 Bd6 18. Be3 c5 (18... f5 $11) 19. d4 $14 Rhc8 20. d5 (20. Rhc1 $14) 20... e5 (20... Be5 $11 {deserves consideration.}) 21. g4 e4 (21... f6 $14) 22. h4 f6 23. h5 Rf8 24. Rh3 Kc7 25. f4 {[%cal Bf2f4,Bf4f5][%mdl 32]} Rbe8 {[#]} ({Better is} 25... exf3+ 26. Rxf3 h6) 26. f5 $1 $16 h6 27. Kf2 Re7 28. Rb2 Rb8 29. Rh1 Ree8 30. Re1 Re7 31. Kg2 Rbe8 32. Rb5 Rb8 33. Bf2 Rbe8 34. Reb1 Rb8 (34... e3 $2 {[#]} 35. Rxb6 $1 (35. Bg3 Bxg3 36. Kxg3 Rb8 $11) 35... Bf4 36. Rc6+ Kd8 37. Be1 $18) 35. Be3 Ree8 36. Kf2 Be5 37. Ke2 Bd6 38. Kd2 Re7 39. Rf1 Rbe8 40. Rbb1 Be5 41. Rbe1 Bg3 42. Re2 Bd6 43. Rg1 Kd7 44. Ree1 Kc7 45. Ref1 Kd7 46. Rh1 Kc7 47. Rh3 Kd7 48. Re1 Kc7 49. Ke2 Be5 50. Rc1 Bd6 51. Kf2 Be5 52. Kg2 Bd6 53. Re1 Kd7 54. Re2 Kc7 55. Rh1 Be5 56. Rd1 Bd6 57. Rde1 Kd7 58. Bg1 e3 59. Rxe3 ({Avoid the trap} 59. Bxe3 $2 Re4 60. Kf3 Rxc4 $19) 59... Rxe3 60. Rxe3 Rxe3 61. Bxe3 {[%mdl 4096] Endgame KB-KB} Be5 62. Bd2 Kd6 63. Kf3 Kd7 64. Ke3 Kd6 65. Ke4 Bg3 66. Be3 Be5 67. Bf2 Bh2 68. Be3 Be5 69. Bd2 (69. Kd3 $16) 69... Bh2 (69... Bg3 $1 $11) 70. Kf3 Be5 71. Ke4 $2 {Weighted Error Value: White=0.02 (flawless) /Black=0.05 (flawless)} (71. Bf4 $16) 1/2-1/2

[Event "Charity Cup MCCT Prel 2022"]
[Site "Online"]
[Date "2022.03.15"]
[Round "10.4"]
[White "Hansen, Eric"]
[Black "Jones, Gawain C B"]
[Result "1-0"]
[WhiteElo "2606"]
[BlackElo "2671"]
[Annotator "TA"]
[PlyCount "103"]
[EventDate "2022.03.18"]
[EventType "tourn"]
[EventCountry "NET"]
[SourceTitle "playchess.com"]
[Source "ChessBase"]
[SourceQuality "1"]

{[%evp 9,103,0,0,0,0,0,0,-13,0,-3,10,5,16,13,14,5,17,10,10,12,16,0,0,11,36,35,47,28,58,68,213,213,213,202,191,180,232,232,226,229,241,241,241,235,233,233,237,227,228,236,254,257,295,304,295,314,310,277,308,300,331,337,372,372,425,437,427,410,665,663,717,697,700,696,779,716,754,677,835,758,1066,1027,1010,993,1075,1073,1035,1032,1015,984,1510,1307,1623,1556,1550,1414]} 1. e4 e5 2. Nf3 Nc6 3. Bb5 a6 4. Ba4 Nf6 5. Nc3 Bc5 6. Bxc6 {C77: Ruy Lopez: 3...a6 4 Ba4 Nf6, unusual lines.} dxc6 7. d3 Qe7 8. Be3 {The position is equal.} Bg4 9. h3 Bh5 10. g4 Bg6 11. Bxc5 Qxc5 12. Qe2 {[#]} Nd7 $146 ({Predecessor:} 12... O-O-O 13. O-O-O Qe7 14. Nh4 Ne8 15. Nxg6 hxg6 16. Qe3 Qf6 17. g5 Qe7 18. f4 exf4 19. Qxf4 Nd6 20. Rdf1 Kb8 {½-½ (20) Baskin,R (2287)-Biolek,R (2446) Groningen 2014}) 13. O-O-O O-O-O 14. Qe3 f6 15. Rhg1 b6 16. d4 Qa5 17. a3 Kb7 18. Rd2 exd4 19. Nxd4 {Threatens to win with Rgd1.} Qc5 {A mistake that costs the game.} (19... Rhe8 $1 $14) 20. Ne6 $1 $18 {[%csl LRc5,LRd8,LRg7]} Qxe3 21. Nxd8+ {Pair of Knights!} ({Don't play} 21. fxe3 $6 Rde8 $14) 21... Kc8 22. fxe3 Kxd8 (22... Rxd8 {keeps fighting.} 23. Rgd1 h5) 23. Rgd1 Be8 {[#]} 24. Ne2 $1 {Nd4 is the strong threat.} Kc8 25. Nf4 Rf8 26. e5 fxe5 27. Ne6 {[%csl LRf8,LRg7]} Rf7 {[#]} 28. Ng5 $1 {[%csl LRf7,LRh7]} Re7 29. Nxh7 e4 30. Ng5 Re5 31. h4 {[%cal Bh3h4,Bh4h5][%mdl 32]} Nf6 32. Rg1 Bd7 33. Rdg2 Re8 34. Nh3 Rh8 35. h5 g6 36. Nf4 g5 37. Ng6 Rh6 38. Ne5 {And now Nf7 would win.} Be8 {To avoid Nf7} (38... Be6 $142 39. Rd1 c5) 39. Rf1 {White is clearly winning.} Nh7 40. Rgf2 Re6 41. Rf5 Re7 42. b3 c5 43. a4 a5 44. Kb2 Kb7 45. Ng6 Rg7 46. Nf8 c4 47. Nxh7 Rxh7 48. Rxg5 cxb3 49. cxb3 Rd7 50. Rf2 Rd3 51. Re5 Bc6 52. h6 {Weighted Error Value: White=0.06 (flawless) /Black=0.26 (precise)} 1-0

[Event "Charity Cup MCCT Prel 2022"]
[Site "Online"]
[Date "2022.03.15"]
[Round "10.5"]
[White "Ding, Liren"]
[Black "Anton Guijarro, David"]
[Result "1/2-1/2"]
[WhiteElo "2799"]
[BlackElo "2691"]
[Annotator "TA"]
[PlyCount "89"]
[EventDate "2022.03.18"]
[EventType "tourn"]
[EventCountry "NET"]
[SourceTitle "playchess.com"]
[Source "ChessBase"]
[SourceQuality "1"]

{[%evp 10,89,7,4,29,-3,20,12,24,16,22,24,6,0,17,14,22,17,17,14,28,21,27,9,7,7,20,0,59,74,91,92,88,94,67,-49,0,0,0,0,0,0,2,4,3,-64,-89,-103,-79,-72,2,3,9,-5,0,-15,-19,-12,-8,-11,0,0,0,0,0,0,0,0,0,0,0,0,0,0,0,0,0,0,0,0,0,0]} 1. g3 d5 2. Nf3 e6 3. Bg2 Nf6 4. O-O c5 5. c4 d4 6. e3 Nc6 {A13: English Opening: 1...e6.} 7. d3 h6 8. exd4 cxd4 9. Bf4 Nd7 10. Re1 Bc5 11. Na3 a6 12. Nc2 {[%cal Ob2b4] With the idea b4!} O-O 13. a3 a5 {Prevents b4.} 14. b3 Re8 15. Bd2 e5 16. b4 Bd6 $1 {[#]} 17. Rb1 $146 ({Predecessor:} 17. Nh4 Nf6 18. f4 exf4 19. gxf4 Rxe1+ 20. Qxe1 axb4 21. axb4 Rxa1 22. Qxa1 Nh5 23. b5 Qxh4 24. bxc6 bxc6 {0-1 (31) Collutiis,D (2402)-Moroni,L (2572) Spilimbergo 2019}) 17... Ra7 18. Re2 Nf6 (18... Bb8 $11) 19. c5 $1 $14 (19. b5 Nb8 $11) 19... Bf8 20. b5 Nb8 21. c6 bxc6 22. b6 ({White should try} 22. Rxe5 $14 c5 23. Rxe8 Qxe8 24. a4) 22... Ra6 (22... Rae7 $1 $15 23. Bxa5 e4) 23. Nxe5 $11 Rxb6 24. Rxb6 Qxb6 25. Nc4 {[%csl LRa5,LRb6]} Qb3 {[#] ...Rxe2 is the strong threat.} 26. Rxe8 ({But not} 26. Bxa5 Bg4 27. f3 Rxe2 28. Qxe2 Be6 $17) 26... Nxe8 {[%cal Bf6e8,Be8d6,Bd6c4][%mdl 32]} 27. Bxa5 (27. Nxa5 $11 Qxd3 28. Bf1) 27... Be6 $1 $15 28. Bf3 Bxc4 29. dxc4 {[#]} d3 (29... c5 $1 $17 30. Ne1 Qxc4) 30. Ne1 $36 {[%csl LRb3,LRd3][%mdl 2048] White has good play. The position is equal.} Qxa3 31. Bd8 {A strong pair of Bishops.} Nd6 32. Qxd3 Qxd3 33. Nxd3 Nxc4 34. Bc7 Bd6 35. Bxb8 Bxb8 36. Bxc6 Ne5 37. Nxe5 Bxe5 {[%mdl 4096] Endgame KB-KB} 38. Bd5 g5 39. h3 Kg7 40. Kg2 Bf6 41. Bc4 Be5 42. Bb3 Bf6 43. Bc4 Be5 44. Bb3 Bf6 45. Bc4 {Weighted Error Value: White=0.12 (very precise) /Black=0.12 (very precise)} 1/2-1/2

[Event "Charity Cup MCCT Prel 2022"]
[Site "Online"]
[Date "2022.03.15"]
[Round "10.6"]
[White "Carlsen, Magnus"]
[Black "Van Foreest, Jorden"]
[Result "1/2-1/2"]
[WhiteElo "2865"]
[BlackElo "2702"]
[Annotator "TA"]
[PlyCount "178"]
[EventDate "2022.03.18"]
[EventType "tourn"]
[EventCountry "NET"]
[SourceTitle "playchess.com"]
[Source "ChessBase"]
[SourceQuality "1"]

{[%evp 15,178,22,21,18,19,3,16,13,19,0,23,4,24,3,32,29,34,31,60,66,90,75,207,75,94,20,0,-18,-18,-12,-18,-65,-66,-106,-116,-116,-122,-125,-140,-137,-123,-123,-99,-97,-97,-139,-100,-106,-114,-145,-137,-153,-161,-200,-195,-193,-192,-195,-200,-191,-195,-248,-248,-248,-139,-139,-139,-139,-139,-139,-139,-139,-128,-139,-128,-131,-122,-139,-127,-139,-139,-145,-139,-147,-147,-147,-139,-139,-139,-139,-139,-139,-131,-139,-112,-112,-98,-139,-139,-139,-139,-139,-139,-138,-131,-133,-131,-146,-139,-139,-139,-146,-139,-139,-132,-145,-113,-113,-106,-158,-158,-158,-158,-158,-158,-153,-146,-161,-155,-155,-70,-155,-155,-155,-155,-154,-92,-92,-92,-97,-97,-129,-129,-129,-129,-129,-129,-129,-129,-160,-160,-160,-160,-160,-160,-160,-160,-160,-160,-160,0,-160,0,-160,0]} 1. Nf3 d5 2. g3 g6 3. Bg2 Bg7 4. d4 Nf6 5. O-O O-O 6. c4 c6 7. b3 Bf5 8. Bb2 Nbd7 {[#]} 9. a4 $146 {D78: Fianchetto Grünfeld: 6 0-0 c6.} ({Predecessor:} 9. e3 Ne4 10. Nc3 Nxc3 11. Bxc3 Be4 12. Qe2 e6 13. Rfd1 a5 14. Bf1 Bxf3 15. Qxf3 Nc5 16. Be1 Ne4 {½-½ (52) Carlsen,M (2865)-Van Foreest,J (2702) Wijk aan Zee 2022}) 9... Ne4 10. Na3 a6 11. Nc2 {The position is equal.} Be6 12. Ne3 b5 {[%cal Rb5c4]} 13. Qc2 bxc4 14. bxc4 Bh6 15. Bc1 {[%cal Oe3d5]} Bg7 16. Ba3 Nd6 {[%cal Rd5c4]} 17. Rad1 h6 (17... Nxc4 $2 18. Nxc4 dxc4 19. Ng5 $16) 18. Ne5 Rc8 (18... Nxe5 $16 19. cxd5 (19. dxe5 Bxe5 20. cxd5 cxd5 $16) 19... cxd5 20. dxe5 Rc8) 19. Bxd6 (19. cxd5 $18 cxd5 20. Nc6) 19... exd6 $16 {[#]} 20. Nxd7 {White is more active.} (20. cxd5 $1 $16 cxd5 21. Nc6) 20... Bxd7 $11 21. cxd5 c5 22. dxc5 Rxc5 23. Qd3 (23. Qa2 $11) 23... Bxa4 $15 {A strong pair of Bishops.} 24. Qxa6 Bxd1 25. Rxd1 Qc7 26. Bf3 h5 27. h4 Rb8 28. Kg2 Bh6 29. Nf1 Kh7 30. Nh2 (30. Ra1 $142) 30... Rb3 31. Qa4 Rb2 32. Qe8 Bg7 33. Nf1 Be5 34. Nd2 Kg7 35. Ne4 Rb8 36. Qa4 {[#]} Rc1 37. Rxc1 Qxc1 38. Qa7 (38. Qa2 {might work better.}) 38... Rb1 $19 {[%csl Gb1][%cal Rc1h1]} 39. Kh3 Qc8+ (39... Qf1+ $19 40. Kh2 Ra1) 40. Kh2 Qb7 ({Don't play} 40... Qc1 41. Ng5 Qg1+ 42. Kh3 $18) 41. Qxb7 Rxb7 $17 {[%mdl 4096] Endgame KRB-KBN} 42. Ng5 Rb2 {[%cal Bb7b2,Bb2d2,Bd2d1][%mdl 32]} 43. Kg2 Rd2 44. Kh2 Rd1 45. Kg2 Rd4 46. Kg1 Kf8 47. Kg2 Ke7 48. Kg1 Bg7 49. Kg2 Bh6 50. Nh3 Kf6 51. Ng1 Bc1 52. e3 Rd2 53. Ne2 Ba3 54. Kf1 Bc5 55. Nf4 Bb4 56. Nh3 (56. Be2 $142) 56... Kg7 57. Ng5 Ba5 58. Nh3 Bd8 59. Nf4 Bf6 60. Ke1 Ra2 61. Kf1 Kf8 62. Nh3 Ke7 63. Nf4 Kd8 64. Be2 Rb2 {To avoid Bb5} 65. Bd3 Rd2 66. Bb5 Be5 {Strongly threatening ...Bxf4.} 67. Nh3 (67. Nd3 $142) 67... Rxd5 68. Bc4 Rd1+ 69. Ke2 Rh1 70. Ng5 f6 71. Bd5 {aiming for Nf7+.} Rb1 ({Not} 71... fxg5 72. Bxh1 gxh4 73. gxh4 $11) 72. Nf7+ Kd7 (72... Ke7 $17 {Threatens to win with ...Rb2+.} 73. Nh8 Rb2+ 74. Kf1 g5 75. Ng6+ Ke8) 73. Nh8 {[#]} (73. Nxe5+ $15 dxe5 74. Bf7) 73... g5 $1 74. Ng6 Rb2+ 75. Kf1 Bc3 (75... Ke8 $142 76. Ke1 Rb1+ 77. Kd2 Ra1) 76. Bf3 g4 77. Bd5 Be5 78. Nxe5+ dxe5 {KR-KB} 79. Bf7 f5 80. Bxh5 {[%cal Oe3e4]} e4 81. Bg6 Rb5 82. h5 Ke6 83. Kg2 Kf6 84. Kg1 Kg5 85. Kg2 Rb1 86. Be8 Rb8 87. Bg6 Rb1 88. Be8 $1 Rb8 89. Bg6 $1 Rb1 $2 {Weighted Error Value: White=0.14 (very precise) /Black=0.12 (very precise)} (89... Rc8 $17 90. Bf7 Rf8) 1/2-1/2

[Event "Charity Cup MCCT Prel 2022"]
[Site "Online"]
[Date "2022.03.15"]
[Round "10.7"]
[White "Navara, David"]
[Black "Praggnanandhaa R"]
[Result "1/2-1/2"]
[WhiteElo "2700"]
[BlackElo "2612"]
[Annotator "TA"]
[PlyCount "154"]
[EventDate "2022.03.18"]
[EventType "tourn"]
[EventCountry "NET"]
[SourceTitle "playchess.com"]
[Source "ChessBase"]
[SourceQuality "1"]

{[%evp 15,154,0,0,13,17,0,10,1,16,13,34,13,10,11,13,7,8,0,0,0,0,0,0,0,0,0,0,0,0,0,3,0,12,21,24,7,11,0,0,0,0,0,0,0,0,0,0,0,0,0,8,1,113,113,113,113,154,169,511,576,571,570,543,0,503,485,475,430,573,558,518,565,558,437,541,525,417,289,282,0,0,0,259,267,252,246,29963,12799,29975,563,513,0,0,0,0,0,0,0,29980,0,0,0,29980,0,0,0,0,0,0,0,0,0,0,0,0,0,0,0,0,0,0,0,0,0,0,0,0,0,0,0,0,0,0,0,0,0,0,0,0,0,0]} 1. e4 c5 2. Nf3 Nc6 3. Bb5 g6 4. O-O Bg7 5. c3 Nf6 6. Re1 O-O 7. d4 d5 8. e5 Ne4 9. Be3 {is now debated instead of 9.Bxc6. B31: Sicilian: 2...Nc6 3 Bb5 g6.} cxd4 10. cxd4 Qb6 11. Bxc6 Qxc6 12. Nfd2 Be6 13. f3 (13. Nb3 {is interesting.} f6 14. Na3 b6 15. f3 Ng5 16. Qc1) 13... Nxd2 14. Qxd2 Rfc8 15. Nc3 {[%cal Bb1c3,Bc3e4,Be4c5][%mdl 32]} a5 {[#]} 16. Rec1 $146 {[%cal Oc3e4]} ({Predecessor:} 16. Rac1 Qd7 17. Bh6 a4 18. Ne2 Qb5 19. Bxg7 Kxg7 20. Nf4 Qb6 21. a3 Rc4 22. Ne2 {1-0 (45) Najer,E (2661)-Nguyen,T (2609) Warsaw 2021}) 16... a4 17. Ne4 Qb5 18. Nc5 Bf5 19. g4 Bd7 20. Rc3 b6 21. Nxd7 Qxd7 22. Rac1 f6 23. Kg2 Qe6 24. exf6 Bxf6 25. Rxc8+ Rxc8 26. Rxc8+ Qxc8 27. g5 Bg7 28. Qb4 {[%csl LRa4,LRb6,LRe7]} Qc2+ 29. Bf2 Kf7 30. Qxb6 Qb1 31. a3 h6 32. gxh6 Bxh6 33. Qb5 Kg7 (33... Qc2 $11) 34. Qxa4 $16 {Black must now prevent Qd7.} Qxb2 {[#]} 35. Qb4 $1 Qe2 (35... Qxb4 $142 36. axb4 Kf7) 36. Qe1 Qa2 (36... Qxe1 37. Bxe1 Kf7) 37. Qxe7+ $18 Kg8 38. Qe8+ Kh7 39. Qe7+ ({White should play} 39. a4 $18 Bg7 40. Kg3) 39... Bg7 $2 {[%mdl 8192]} (39... Kg8 $1 $11 {and Black is okay.} 40. h4 Bg7) 40. Kg3 Qa1 41. Qh4+ Kg8 42. Qd8+ Kh7 43. Qxd5 Qxa3 44. Kg2 Qd3 45. h4 Qd2 46. Qe4 Bf6 47. Qb7+ $2 (47. Qg4 $18) 47... Kh6 $11 48. Qe4 {Qg4 is the strong threat.} Kg7 $2 {[%mdl 8192]} (48... Kh7 $1 $11 49. Qg4 Kh6) 49. d5 $18 Kh7 50. Kg3 Bd8 $2 (50... Kg7 $18 51. Be1 Qc1) 51. Bd4 {Qe5 would kill now.} Bc7+ 52. Be5 (52. f4 $142 Qb4 53. h5 Qd6 54. Be5 Qa3+ 55. Kg4 Bxe5 56. fxe5 Kh8 57. hxg6) 52... Bb6 {[#]} 53. d6 $2 (53. Kh3 $1 $18 {White threatens d6 and mate.} Qc1 54. h5) 53... Qf2+ $11 54. Kg4 Qg1+ 55. Bg3 Bf2 $1 {[%csl Gf2][%cal Rg1g3]} 56. Qe7+ Kg8 $2 {[%mdl 8192]} (56... Kh6 $11 57. Qe5 Kh7) 57. Qe6+ $2 (57. Qd8+ Kf7 58. Qc7+ Ke6 59. d7 Qxg3+ 60. Qxg3 Bxg3 61. d8=Q Bf2 62. Qe8+ Kd5 63. Qe4+ Kd6 64. Qxg6+ Kd5 65. Qe4+ Kd6 66. h5) 57... Kh7 {[%csl Gf2][%cal Rg1g3]} 58. Qe7+ Kg8 $2 {[%mdl 8192]} (58... Kh6 $11 59. Qe5 Kh7) 59. Qe5 $2 (59. Qd8+ {mates} Kf7 60. Qc7+ Ke6 61. d7 Qxg3+ 62. Qxg3 Bxg3 63. d8=Q Bd6 64. Qe8+ Kd5 65. Qxg6) 59... Bxg3 {The position is equal.} 60. Qxg3 {[%mdl 4096] Endgame KQ-KQ} Qd4+ 61. Qf4 (61. Kh3 $5 {[%cal Rg3g6]} Kf7 62. Qh2 $16) 61... Qg1+ $1 62. Qg3 Qd4+ $1 63. Kh3 Kh7 64. Qh2 {[%cal Oh4h5] Strongly threatening h5!} Qd3 65. Qg3 {[%cal Oh4h5] Threatens to win with h5!} Qd4 66. Qg4 Qxd6 67. Qe4 Qd7+ 68. Kg3 Qd6+ 69. Kg4 Qd7+ 70. Kf4 Qd8 71. h5 Qh4+ 72. Ke5 Qxe4+ 73. Kxe4 {Intending hxg6+ and mate.} gxh5 74. Kf5 h4 {( -> ...h3)} 75. Kg4 Kg6 76. Kxh4 {White wants to mate with Kg4.} Kf5 77. f4 Kxf4 {Weighted Error Value: White=0.17 (very precise) /Black=0.53} 1/2-1/2

[Event "Charity Cup MCCT Prel 2022"]
[Site "Online"]
[Date "2022.03.15"]
[Round "10.8"]
[White "Rapport, Richard"]
[Black "Lei, Tingjie"]
[Result "1-0"]
[WhiteElo "2762"]
[BlackElo "2535"]
[Annotator "TA"]
[PlyCount "53"]
[EventDate "2022.03.18"]
[EventType "tourn"]
[EventCountry "NET"]
[SourceTitle "playchess.com"]
[Source "ChessBase"]
[SourceQuality "1"]

{[%evp 10,53,0,0,0,0,10,0,2,0,0,0,10,26,33,-14,73,63,81,89,120,77,152,145,138,152,139,151,154,171,185,188,167,179,187,157,271,272,286,288,320,303,321,324,1421,1385]} 1. e4 e5 2. Nf3 Nc6 3. g3 Nf6 4. d3 d5 5. exd5 Nxd5 6. Bg2 Bd6 {6...g6 is the modern continuation. C44: Ponziani Opening and Scotch Gambit.} 7. O-O O-O 8. Re1 $5 {[%mdl 4] Leaves trodden paths.} Re8 {[#] The position is equal.} 9. a3 $146 ({Predecessor:} 9. Nc3 Nxc3 10. bxc3 Rb8 11. Rb1 h6 12. Nd2 Ne7 13. Nc4 Ng6 14. d4 Be6 15. Na5 exd4 16. Rxb7 {½-½ (25) Carlsen,M (2855)-So,W (2770) Paris 2016}) 9... Bg4 10. h3 Bh5 11. b4 a6 12. Bb2 (12. c4 $14 Nf6 13. Bb2) 12... Nf6 (12... Nb6 $1 $11 {remains equal.}) 13. Nbd2 $1 $16 Rb8 14. c4 {[%cal Bc2c4,Bc4c5][%mdl 32]} Bg6 15. Qb3 (15. c5 $142) 15... e4 (15... b6 $142) 16. dxe4 Nxe4 17. Nxe4 Rxe4 18. c5 Rxe1+ 19. Rxe1 ({But not} 19. Nxe1 $6 Be5 $14) 19... Be7 20. Ne5 Nxe5 21. Bxe5 ({Resist} 21. Rxe5 $6 c6 $14) 21... Bf6 22. Bf4 Bf5 {[#]} (22... h6 $16 23. Rd1 Qc8) 23. Bd5 $1 $18 Qd7 24. g4 Bc2 {[#]} 25. Qf3 ({Weaker is} 25. Qxc2 Qxd5 26. Bxc7 Rc8 $16) 25... h6 26. Bxb7 Rxb7 $2 (26... Ba4 27. c6 Qd8) 27. c6 {Weighted Error Value: White=0.04 (flawless) /Black=0.24 (precise)} 1-0

[Event "Charity Cup MCCT Prel 2022"]
[Site "Online"]
[Date "2022.03.15"]
[Round "11.1"]
[White "Lei, Tingjie"]
[Black "Niemann, Hans Moke"]
[Result "0-1"]
[WhiteElo "2535"]
[BlackElo "2642"]
[Annotator "TA"]
[PlyCount "68"]
[EventDate "2022.03.18"]
[EventType "tourn"]
[EventCountry "NET"]
[SourceTitle "playchess.com"]
[Source "ChessBase"]
[SourceQuality "1"]

{[%evp 9,68,18,45,-6,-23,-110,-38,-39,-35,-84,-87,-122,-119,-122,-121,-111,-108,-89,-111,-270,-258,-259,-218,-242,-241,-241,-219,-246,-256,-535,-536,-526,-526,-516,-446,-433,-453,-443,-421,-680,-673,-674,-641,-648,-578,-856,-844,-796,-790,-955,-921,-1236,-1233,-1212,-1212,-1212,-1167,-1279,-1165,-5402,-5402]} 1. e4 c5 2. c3 d5 3. exd5 Qxd5 4. d4 Nc6 5. Nf3 Bf5 6. Na3 {B22: Sicilian: 2 c3.} ({White should try} 6. Be3 $14) 6... cxd4 $11 7. Be3 {[#]} d3 $146 (7... e5 $17 {Strongly threatening ...Bxa3.} 8. Bc4 Qa5) ({Predecessor:} 7... e5 8. Bc4 Qa5 9. Qb3 dxe3 10. Qxb7 exf2+ 11. Ke2 Nge7 12. Qxa8+ Bc8 13. Nb5 e4 {1-0 (31) Bortnyk,O (2604)-Sarana,A (2685) Chess.com INT 2022}) 8. Qb3 $15 {Black is slightly better.} O-O-O 9. Nb5 (9. Qxd5 $15 {deserves consideration.} Rxd5 10. Nh4) 9... e5 $17 10. c4 Qd7 ({Don't play} 10... Qe4 $6 11. Nd2 Qh4 12. Nxa7+ Nxa7 13. Bxa7 $11) 11. Nxa7+ Nxa7 12. Bxa7 d2+ 13. Kd1 Nf6 {Black is more active.} 14. Be3 $2 {White does not recover from this.} (14. Be2 $17) 14... Ng4 $19 15. Be2 Qc6 16. h3 Nxe3+ 17. fxe3 f6 18. Rf1 {[%cal Of3e5]} Be4 19. Nxd2 $2 (19. a4) 19... Qd7 {[%csl Gd8][%cal Rd7d2] Black is clearly winning.} 20. Qc3 Qa4+ 21. Kc1 {[#]} Bb4 $1 22. Nxe4 Bxc3 23. Nxc3 Qa7 ({Resist} 23... Qd7 24. Bg4 $18) ({Avoid the trap} 23... Qc6 $2 24. e4 $19) 24. Nd5 {[#]} (24. Rf3 $142) 24... Rxd5 $1 {[%mdl 512]} 25. cxd5 Qxe3+ 26. Kd1 Rd8 27. Bg4+ Kb8 28. Be6 e4 {aiming for ...Qd4+.} 29. Rc1 Qd4+ 30. Ke2 Qxb2+ 31. Ke3 Qxg2 32. Rb1 Rd6 33. Rfc1 Qf3+ 34. Kd2 Ra6 {Weighted Error Value: White=1.05/Black=0.14 (very precise)} 0-1